00787nam a2200229Ia 4500003000400000005001700004008004100021040001800062041000800080082002100088100002000109245005800129250001200187260002200199300000800221650004400229650004900273700002600322942003400348999001900382952015600401OSt20241204141320.0210716s1964 xx 000 0 und d cAIMIT LIBRARY aeng a808.83 21bCURT aCurtis.9187619 aStrange and the unknown /cBy Curtis and Mary Fuller. a1st ed. aNew York :c1964. a160 aSaved my son's life in a dream 9187620 aWhere the twing bends the water lies9187621 aFuller, Mary.9187622 2ddccBKe1st ed.k808.83 CURT c200066d200066 00102ddc40708MBAaAIMITbAIMITd2021-07-16iBill no:; Bill dt:1900-01-00l2o808.83 CURTpMBA02631r2026-05-23 00:00:00s2024-05-14w2021-07-16yBK